Catha edulis Fors - kata jedlá - kat

Bibliographic Details
Main Author: Súkeník, L. (Author)
Format: Article
Language:Slovak
Subjects:

MARC

LEADER 00000nab a2200000 a 4500
001 vtls000026833
003 SK-MaSNL
005 20260304070447.0
008 250423c1979 xo 0 slo
015 |a SNBRB19rr/mm-uuuuu 
035 |a CL0036927 
035 |a urn:nbn:sk:snk-ab6ujq 
035 |a (uuid)ccb2d06a-a47f-4464-bf5b-51862af73413 
035 |a (urnnbn)urn:nbn:sk:snk:ar-a05z7j 
035 |a (sysno)vtls000026833 
040 |a SNKBUCL  |b slo  |c SNKBUCL  |e AACR2 
041 0 |a slo 
044 |a xo  |c SK 
080 |a 615.3  |2 1981 
100 1 |a Súkeník, L.  |4 aut  |9 1008316 
245 1 0 |a Catha edulis Fors - kata jedlá - kat  |c L. Súkeník 
650 0 7 |a drogy návykové  |2 snkbucl  |9 1350155 
650 0 7 |a Catha edulis Forks  |2 snkbucl  |9 1356528 
650 0 7 |a kata jedlá  |2 snkbucl  |9 86232 
655 7 |a články z novín a časopisov  |2 snkbucl  |9 267496 
773 0 |t Protialkoholický obzor  |g Roč. 14, č. 1 (1979), s. 57-61 
850 |a Slovenská národná knižnica 
852 |a Slovenská národná knižnica 
954 |a odborná, vedecká literatúra pôvodná (slovenská)  |2 lita 
958 |a article2022 
958 |a RK 
958 |a MI 
958 |a OND 
958 |a EUIPO 
992 |a RBX 
999 |c 2755893  |d 2757823